000 00612cam a22002053a 4500
001 43867
003 PGUSA
005 20140828084011.0
008 131002s2013||||xxu|||||s|||||000 | eng d
040 _aPGUSA
_beng
042 _adc
100 1 _aStephenson, James H.
245 1 0 _aFarm Engines and How to Run Them :
_bThe Young Engineer's Guide
_h[electronic resource] /
_cJames H. Stephenson
260 _bProject Gutenberg,
_c2013
506 _aPublic domain in the USA.
516 _aElectronic text
830 0 _aProject Gutenberg
_v43867
856 4 0 _uhttp://www.gutenberg.org/ebooks/43867
942 _cEB
999 _c273118
_d273118